Victory in Christ. (Record no. 13034)

000 -LEADER
fixed length control field 00665nam a2200193 a 4500
001 - CONTROL NUMBER
control field :::00010852$&:&@@
003 - CONTROL NUMBER IDENTIFIER
control field OkBaRHE
005 - DATE AND TIME OF LATEST TRANSACTION
control field 20000607103403.0
008 - FIXED-LENGTH DATA ELEMENTS--GENERAL INFORMATION
fixed length control field j 000 0 eng u
040 ## - CATALOGING SOURCE
Transcribing agency
100 1# - MAIN ENTRY--PERSONAL NAME
Personal name Princeton Conference.
245 10 - TITLE STATEMENT
Title Victory in Christ.
Statement of responsibility, etc A report of Princeton Conference 1916.
260 ## - PUBLICATION, DISTRIBUTION, ETC. (IMPRINT)
Place of publication, distribution, etc Philadelphia, PA., :
Name of publisher, distributor, etc Board of Managers of Princeton Conference
300 ## - PHYSICAL DESCRIPTION
Extent 272 p. ;
Dimensions 20 cm.
650 ## - SUBJECT ADDED ENTRY--TOPICAL TERM
Topical term or geographic name as entry element Christian Life
General subdivision Addresses, Essays, Lectures
650 ## - SUBJECT ADDED ENTRY--TOPICAL TERM
Topical term or geographic name as entry element Princeton Conference
General subdivision 1916
942 ## - ADDED ENTRY ELEMENTS (KOHA)
Source of classification or shelving scheme
Koha item type Books
Copies
Lost status Not for loan Koha item type Price effective from Source of classification or shelving scheme Full call number Date acquired Shelving location Barcode Copy number Permanent Location Withdrawn status Date last seen Damaged status
  Books2010-04-14 BV 4501.2 .P72010-04-14General Stacks108521RHEMA Bible Training College 2010-04-14